Statistics for M*A*S*H TV Quiz, level expert

Click here to take the quiz!

General Stats

  • This quiz has been taken 14 times
  • The average score is 3 of 15

Answer Stats

ClueAnswer% Correct
Who performs Klinger's wedding ceremony?Father Mulcahy
62%
What is Winchester's sister's name?Honoria
54%
Who is Colonel Potter's favorite movie actress?Doris Day
46%
What is Klinger's uncle's name?Abdul
23%
What is Hawkeye's long-standing fear that gets in the way of his work?claustrophobia
23%
Who is Hawkeye on a date with when he cuts his feet?Eddie
15%
How does Houlihan get her new footlocker?she shoots her old one
15%
Who performed Winchester's wedding ceremony?the hotel bartender
15%
What is Rizzo's daughter's name?Zelda
15%
What did Hot Lips' husband say he lettered in at West Point?greco-wrestle Romaning
8%
Why did Frank Burns stop being a Scoutmaster?set himself on fire
8%
How did Colonel Potter get a Purple Heart?still exploded
8%
What pageant title did Henry Blake's wife win?Succotash Queen
8%
What is Klinger's mother's maiden name?Abodeelie
0%
How does Radar lose his hero-worship of Hawkeye?Hawkeye is hungover in surgery
0%

Score Distribution

Percentile by Number Answered

Percent of People with Each Score

Your Score History

You have not taken this quiz